00744nam a22002057a 45000010005000000030006000050050017000110080041000280400030000690500018000990820012001171000027001292450044001562600037002003000025002375050007002625200231002695210019005007000019005193728FISKH20240425094408.0240425b cb ||||| |||| 00| 0 eng d aFISK beng cFISK dFISK  aPZ7.M3567585  a813.54  aM. Martin Ann d1955-  aEverything for a dog / cAnn M. Martin  aNew York : bScholastic, c2010  a211 pages : c20 cm  aO  aIn parallel stories, Bone, an orphaned dog, finds and loses a series of homes, Molly, a family pet, helps Charlie through the grief and other after-effects of his brother's death, and lonely Henry pleads for a dog of his own. 8 a890 bLexiles  aAnn M. Martin